000 00997cab a2200289 4500
001 ABS50210
008 090401t1994 xxu||||| |||| 00| 0 eng d
035 _a(Sirsi) u74622
041 _aeng
100 _aMendell, S.
245 _aHotel valuations - a modern approach
260 _c1994
350 _a0
490 _aEstates Gazette
_v(9406) 12 February 1994, 126-127(2)
520 _aRuns through a hotel valuation using the discounted cash-flow method, as recommended by the British Association of Hotel Accountants, but applying individual discount rates to take into account the debt and equity finance, which is involved in the investment.
650 _aDCF
650 _aDEBT FINANCE
650 _aEQUITY FINANCE
650 _aHOSPITALITY VALUATION SERVICES
650 _aHOTELS
650 _aINCOME CAPITALISATION APPROACH
650 _aVALUATION METHODS
690 _aLEISURE AND RECREATION
690 _aRATING AND VALUATION
942 _n0
948 _c04/03/1997
999 _c47027
_d47027